Creative Flower Arranging / (Record no. 36603)

MARC details
000 -LEADER
fixed length control field 00413nam a22001697a 4500
005 - DATE AND TIME OF LATEST TRANSACTION
control field 20241002110413.0
008 - FIXED-LENGTH DATA ELEMENTS--GENERAL INFORMATION
fixed length control field 241002b |||||||| |||| 00| 0 eng d
020 ## - INTERNATIONAL STANDARD BOOK NUMBER
ISBN 1853483508
082 ## - DEWEY DECIMAL CLASSIFICATION NUMBER
Classification number 745.92
Item number CAL-C
100 ## - MAIN ENTRY--AUTHOR
Author Name Callery EMMA
245 ## - TITLE STATEMENT
Title Creative Flower Arranging /
260 ## - PUBLICATION, DISTRIBUTION, ETC.
Place of Publication London:
Name of publisher, distributor, etc. graet british:
Date of publication, distribution, etc. 1991
300 ## - PHYSICAL DESCRIPTION
Pages 176.P
650 ## - SUBJECT ADDED ENTRY--TOPICAL TERM
Subject / Department Art& design
300 ## - PHYSICAL DESCRIPTION
-- ILL;
-- 27CM.
952 ## - LOCATION AND ITEM INFORMATION (KOHA)
-- 0
-- 0
Holdings
Lost status Damaged status Collection code Permanent Location Current Location Shelving Location Date acquired Full Call Number Accession No./Barcode Date last seen item type Koha item type
    Architecture Superior Information Resource Center (SIRC) Superior University- Main Campus Superior Information Resource Center (SIRC) Superior University- Main Campus Art & Design 10/02/2024 745.92 CAL-C 1991 29437 10/02/2024 BOOK BOOK

Powered by Koha